Statystyki dla Państwa Pod Władzą Habsburgów

Kliknij tutaj aby rozwiązać quiz!

Ogólne statystyki

  • Ten quiz został rozwiązany 46 razy
  • Średni wynik to 6 z 9

Statystyki odpowiedzi

PodOdp% Poprawnych
---Austria
95%
---Austro-Węgry / Austria
95%
Imp. KolonialneHiszpania
71%
Imp. KolonialneNiemcy
68%
---Węgry
68%
---Czechy
66%
Imp. KolonialneHolandia
66%
Imp. KolonialneBelgia
54%
Imp. KolonialnePortugalia
51%

Rozkład punktacji

Percentyl według liczby udzielonych odpowiedzi

Procent ludzi z każdym wynikiem

Twoja historia wyników

Nie rozwiązałeś tego quizu